Welcome to WEB OPAC of MRSPTU Central Library

The functional aspects of communication skills (Record no. 5012)

MARC details
000 -LEADER
fixed length control field 00427nam a2200169Ia 4500
008 - FIXED-LENGTH DATA ELEMENTS--GENERAL INFORMATION
fixed length control field 230711s9999||||xx |||||||||||||| ||und||
041 ## - LANGUAGE CODE
Language code of text/sound track or separate title ENG
082 ## - DEWEY DECIMAL CLASSIFICATION NUMBER
Classification number 372.6
Item number KO-E
100 ## - MAIN ENTRY--PERSONAL NAME
Personal name Prasad,P
245 #4 - TITLE STATEMENT
Title The functional aspects of communication skills
250 ## - EDITION STATEMENT
Edition statement 3rd Ed.
260 ## - PUBLICATION, DISTRIBUTION, ETC.
Date of publication, distribution, etc. 2006
Place of publication, distribution, etc. New Delhi
Name of publisher, distributor, etc. S.K Kataria & Sons
300 ## - PHYSICAL DESCRIPTION
Extent 404
650 ## - SUBJECT ADDED ENTRY--TOPICAL TERM
Topical term or geographic name entry element COMMUNICATION SKILL
700 ## - ADDED ENTRY--PERSONAL NAME
Personal name Sharma,Rajendra,K
942 ## - ADDED ENTRY ELEMENTS (KOHA)
Koha item type Book
Holdings
Withdrawn status Lost status Damaged status Not for loan Collection Home library Current library Date acquired Total checkouts Full call number Barcode Date last seen Price effective from Koha item type
          MRSPTU Central Library MRSPTU Central Library     372.6 KO-E 18533 08/17/2023 08/17/2023 Book
          MRSPTU Central Library MRSPTU Central Library     372.6 KO-E 18534 08/17/2023 08/17/2023 Book
          MRSPTU Central Library MRSPTU Central Library     372.6 KO-E 18535 08/17/2023 08/17/2023 Book
          MRSPTU Central Library MRSPTU Central Library     372.6 KO-E 18536 08/17/2023 08/17/2023 Book
          MRSPTU Central Library MRSPTU Central Library     372.6 KO-E 18537 08/17/2023 08/17/2023 Book
          MRSPTU Central Library MRSPTU Central Library     372.6 KO-E 18538 08/17/2023 08/17/2023 Book
          MRSPTU Central Library MRSPTU Central Library     372.6 KO-E 18539 08/17/2023 08/17/2023 Book
          MRSPTU Central Library MRSPTU Central Library     372.6 KO-E 18540 08/17/2023 08/17/2023 Book
          MRSPTU Central Library MRSPTU Central Library     372.6 KO-E 18541 08/17/2023 08/17/2023 Book
          MRSPTU Central Library MRSPTU Central Library     372.6 KO-E 18542 08/17/2023 08/17/2023 Book

Website Designed and Developed by MRSPTU Central Library Team

E-mail Id: librarian@mrsptu.ac.in